00475nam a2200193Ia 4500003000400000005001700004008004100021020001400062040000700076041000800083082001500091100002100106245004400127260004500171300001900216365001300235650001400248650001900262OSt20230328093428.0210423s2007 xx 000 0 und d a275958124 cAL aeng a338.5 COWF aCOWELL (Frank A) aMicroeconomics: principles and analysis aNew DelhibOxford University Pressc2007 axxviii,637bPB b495cINR aEconomics aMicroeconomics